| 000 | 00847nam a22002177a 4500 | ||
|---|---|---|---|
| 005 | 20210325205903.0 | ||
| 008 | s2554 th ||||| |||| 00| 0 tha d | ||
| 020 | _a9786165083263 | ||
| 050 | _aAC159 บ732ม 2554 | ||
| 100 | 0 | _aบูรชัย ศิริมหาสาคร | |
| 245 | 1 | 0 | _aมุมที่คนไม่มอง unseen viewpoint |
| 260 | 3 |
_aกรุงเทพฯ : _bแสงดาว, _c2554 |
|
| 300 |
_a320 หน้า : _b ภาพประกอบ ; _c 21 ซม. |
||
| 650 | 0 | 4 | _aรวมเรื่อง |
| 650 | 0 | 4 | _aความรู้ทั่วไป |
| 850 | _aNALT | ||
| 942 |
_cGB _03 |
||
| 997 | _a39894 ฉ.1 /39895 ฉ.2 | ||
| 997 | _c000000000064710 | ||
| 998 | _aนางสุกัญญา กัลยา | ||
| 999 |
_c64710 _d64710 |
||